<?xml version="1.0" encoding="UTF-8"?>
<record
    xmlns:xsi="http://www.w3.org/2001/XMLSchema-instance"
    xsi:schemaLocation="http://www.loc.gov/MARC21/slim http://www.loc.gov/standards/marcxml/schema/MARC21slim.xsd"
    xmlns="http://www.loc.gov/MARC21/slim">

  <leader>00909cam a2200229 a 4500</leader>
  <controlfield tag="001">000015052</controlfield>
  <controlfield tag="005">20200929163937.0</controlfield>
  <controlfield tag="008">971201s1995    sp ab    b    001 0 spa d</controlfield>
  <datafield tag="020" ind1=" " ind2=" ">
    <subfield code="a">8478202552</subfield>
  </datafield>
  <datafield tag="040" ind1=" " ind2=" ">
    <subfield code="a">DO-SdBNP</subfield>
    <subfield code="b">spa</subfield>
    <subfield code="c">LC</subfield>
    <subfield code="d">BNPHU</subfield>
  </datafield>
  <datafield tag="082" ind1=" " ind2=" ">
    <subfield code="a">291.46</subfield>
    <subfield code="b">S712e</subfield>
  </datafield>
  <datafield tag="100" ind1="1" ind2=" ">
    <subfield code="a">Sope&#xF1;a, Gabriel,</subfield>
    <subfield code="d">1962-</subfield>
    <subfield code="9">34065</subfield>
  </datafield>
  <datafield tag="245" ind1="1" ind2="0">
    <subfield code="a">&#xC9;tica y ritual :</subfield>
    <subfield code="b">aproximaci&#xF3;n al estudio de la religiosidad de los pueblos celtib&#xE9;ricos /</subfield>
    <subfield code="c">Gabriel Sope&#xF1;a Genzor.</subfield>
  </datafield>
  <datafield tag="260" ind1=" " ind2=" ">
    <subfield code="a">Zaragoza, Espa&#xF1;a :</subfield>
    <subfield code="b">Instituci&#xF3;n "Fernando el Cat&#xF3;lico ;</subfield>
    <subfield code="b">Departamento de Ciencias de la Antig&#xFC;edad, Universidad de Zaragoza,</subfield>
    <subfield code="c">1995.</subfield>
  </datafield>
  <datafield tag="300" ind1=" " ind2=" ">
    <subfield code="a">388 p. :</subfield>
    <subfield code="b">il., mapas. ;</subfield>
    <subfield code="c">32 cm.</subfield>
  </datafield>
  <datafield tag="504" ind1=" " ind2=" ">
    <subfield code="a">Incluye referencias bibliogr&#xE1;ficas p. 319-370 e &#xED;ndice.</subfield>
  </datafield>
  <datafield tag="650" ind1=" " ind2="0">
    <subfield code="a">Celtib&#xE9;ros</subfield>
    <subfield code="9">34066</subfield>
  </datafield>
  <datafield tag="650" ind1=" " ind2="0">
    <subfield code="a">Religiones</subfield>
    <subfield code="x">Historia</subfield>
    <subfield code="9">4362</subfield>
  </datafield>
  <datafield tag="650" ind1=" " ind2="4">
    <subfield code="a">Ritos y ceremonias f&#xFA;nebres</subfield>
    <subfield code="9">1370</subfield>
  </datafield>
  <datafield tag="910" ind1=" " ind2=" ">
    <subfield code="a">Catalogaci&#xF3;n por copia / LC</subfield>
  </datafield>
  <datafield tag="049" ind1=" " ind2=" ">
    <subfield code="a">BNGR</subfield>
  </datafield>
  <datafield tag="952" ind1=" " ind2=" ">
    <subfield code="0">0</subfield>
    <subfield code="1">0</subfield>
    <subfield code="5">4</subfield>
    <subfield code="7">0</subfield>
    <subfield code="8">MO</subfield>
    <subfield code="a">GR</subfield>
    <subfield code="b">GR</subfield>
    <subfield code="c">CT</subfield>
    <subfield code="d">2010-01-29</subfield>
    <subfield code="i">LF1</subfield>
    <subfield code="l">0</subfield>
    <subfield code="o">291.46 S712e</subfield>
    <subfield code="p">15052-10</subfield>
    <subfield code="r">2020-06-25</subfield>
    <subfield code="w">2020-06-25</subfield>
    <subfield code="y">4</subfield>
    <subfield code="Z">Pr&#xE9;stamo en sala</subfield>
  </datafield>
  <datafield tag="999" ind1=" " ind2=" ">
    <subfield code="c">14625</subfield>
    <subfield code="d">14625</subfield>
  </datafield>
</record>
